000 00808nam a2200253Ia 4500
003 OSt
005 20220918171215.0
006 a|||||r|||| 00| 0
007 ta
008 220917b |||||||| |||| 00| 0 eng d
020 _a9781409465683 (hbk)
_c7268.10
024 _a282,171
037 _b7240, 21/07/2014, Efficient Book Distributors
_cTextual
040 _aARTS
_cARTS
_beng
041 _2eng
_aeng
082 _aU25, Q4
100 _aCusack Tricia Ed.
_934774
245 0 _aFraming the ocean 1700 to the present
_b Envisaging the sea as social space
260 _aSurry
_bAshgate England
_c2014
300 _axviii, 265p.
_ccm.
650 _aGEOGRAPHY
942 _hU25, Q4
_cTEXL
_2CC
999 _c138333
_d138333